00259nam a2200097 a 450000500170000000800410001724500630005826000100012199900170013104000130014820200930065737.0110719s1982 000 spa d 0aCharla pronunciada por el lic. José E. Florentino R.,... c1982. c32116d32116 aDO-SdBNP